000 01274cam a22002295a 4500
001 L139743
008 070807s2007 xxkd f s 000 0 eng d
035 _a(Sirsi) u139743
041 0 _aeng
050 0 4 _a333.33 $2 18
110 2 _aSavills Research
_95211
245 0 0 _aPrime market bulletin
_bsummer 2007
_h[electronic resource]
260 _aLondon
_bSavills Research
_c2007
520 _aFinds that although interest rates and affordability pressure are starting to affect the mainstream housing market, the prime sector is being driven by different factors. Low supply, high international demand and strong global economies are keeping the market buoyant. Growth slowed slightly in central London, but this remains a staggering asset class. This area is still easily outperforming all other markets. Further growth of 10% is expected in the next year. Across the country, the top end of all prime markets showed the highest growth. Graphs.
590 _aKA
651 4 _aUnited Kingdom
_y
690 _aPROPERTY-RESIDENTIAL PROPERTY-RESIDENTIAL PROPERTY MARKET
700 1 _aBlack, Harriet
700 1 _aCook, Lucian
856 4 0 _uhttps://www.savills.co.uk/research/Report.aspx?nodeID=8500#
_zView the item free of charge at www.savills.co.uk...
942 _n0
999 _c107338
_d107338